LEADER 00970nam0-22003011i-450- 001 990006410060403321 005 20061011124017.0 035 $a000641006 035 $aFED01000641006 035 $a(Aleph)000641006FED01 035 $a000641006 100 $a20000619d1986----km-y0itay50------ba 101 0 $aeng 105 $ay---a---00--- 200 1 $aFrom the land of the etruscans$ethe life of Lucy Filippini$fby Pietro Bergamaschi$ftraslation and adaptation by Margherita Marchione 210 $aRome$cEdizioni di Storia e Letteratura$d1986 215 $aX, 266 p.$cill$d24 cm 610 0 $aFilippini, Lucia$aBiografia 676 $a271.97$v21$zita 700 1$aBergamaschi,$bPietro$0241191 702 1$aMarchione,$bMargherita$f<1922- > 801 0$aIT$bUNINA$gRICA$2UNIMARC 901 $aBK 912 $a990006410060403321 952 $a271.97 BER 1$bBIBL.31475$fFLFBC 959 $aFLFBC 996 $aFrom the land of the etruscans$9660732 997 $aUNINA LEADER 01202nam--2200361---450- 001 990002295890203316 005 20091020171105.0 035 $a000229589 035 $aUSA01000229589 035 $a(ALEPH)000229589USA01 035 $a000229589 100 $a20041222d1973----km-y0itay0103----ba 101 $afre 102 $aBE 105 $a||||||||001yy 200 1 $aIntroduction au droit du travail dans les pays de la Communauté économique européenne$eessai de droit comparé$fJacques Piron$gpréface de Albert Coppé 210 $aBruxelles$cLarcier$d1973 215 $a148 p.$d18 cm 410 0$12001 454 1$12001 461 1$1001-------$12001 700 1$aPIRON,$bJacques$039167 702 1$aCOPPÉ,$bAlbert 801 0$aIT$bsalbc$gISBD 912 $a990002295890203316 951 $aXXIII.4.K. 241 (IG VIII 12 453)$b40685 G.$cXXIII.4.K. 241 (IG VIII 12)$d00245732 959 $aBK 969 $aGIU 979 $aSIAV2$b10$c20041222$lUSA01$h1357 979 $aSIAV2$b10$c20041222$lUSA01$h1401 979 $aRSIAV3$b90$c20091020$lUSA01$h1711 996 $aIntroduction au droit du travail dans les pays de la Communauté economique europeenne$9806387 997 $aUNISA LEADER 01468nam a2200313 i 4500 001 991001232789707536 005 20020507113212.0 008 970308s1982 fr ||| | eng 020 $c35300 035 $ab10192013-39ule_inst 035 $aLE00644345$9ExL 040 $aDip.to Fisica$bita 084 $a53(06) 084 $a53.8.8 111 2 $aNordic Conference on the application of scientific methods in archaeology$0463832 245 12$a2 second Nordic Conference on the application of scientific methods in archaeology :$bHelsingor, Denmark, 17-19 August 1981 /$cTony Hackens (ed.) and Vagn Mejdahl (co-ed.) 260 $aStrasbourg :$bCouncil of Europe,$c1982 300 $a2 v. (514 p. compless.) :$bill. ;$c25 cm. 490 0 $aNordic Conference on the application of scientific methods in archaeology ;$v2 490 0 $aPACT ;$v7 700 1 $aHackens, Tony$eauthor$4http://id.loc.gov/vocabulary/relators/aut$0208727 700 1 $aMejdahl, Vagn 907 $a.b10192013$b17-02-17$c27-06-02 912 $a991001232789707536 945 $aLE006 53(06) HAC$cV. 2$g1$i2006000083287$lle006$o-$pE0.00$q-$rl$s- $t0$u0$v0$w0$x0$y.i10236983$z27-06-02 945 $aLE006 53(06) HAC$cV. 1$g1$i2006000083294$lle006$o-$pE0.00$q-$rl$s- $t0$u0$v0$w0$x0$y.i10236995$z27-06-02 996 $aSecond Nordic Conference on the application of scientific methods in archaeology$91445060 997 $aUNISALENTO 998 $ale006$b01-01-97$cm$da $e-$feng$gfr $h2$i2 LEADER 01755nam 2200421I 450 001 9910706582003321 005 20171116145343.0 035 $a(CKB)5470000002456624 035 $a(OCoLC)1011687834 035 $a(EXLCZ)995470000002456624 100 $a20171116d2011 ua 0 101 0 $aeng 135 $aurmn||||||||| 181 $ctxt$2rdacontent 182 $cc$2rdamedia 183 $acr$2rdacarrier 200 10$aMiddle school mathematics professional development impact study $efindings after the second year of implementation$iExecutive summary /$fMichael S. Garet [and eleven others] ; Elizabeth Warner, project officer 210 1$aWashington, DC :$cNational Center for Education Evaluation and Regional Assistance, Institute of Education Sciences,$d2011. 215 $a1 online resource (xxi pages) $cillustrations 300 $a"May 2011." 300 $a"NCEE 2011-4024." 320 $aIncludes bibliographical references (page xxi). 517 $aMiddle school mathematics professional development impact study 606 $aMathematics teachers$xTraining of$zUnited States 606 $aMathematics$xStudy and teaching (Middle school)$zUnited States 606 $aAcademic achievement$zUnited States 615 0$aMathematics teachers$xTraining of 615 0$aMathematics$xStudy and teaching (Middle school) 615 0$aAcademic achievement 700 $aGaret$b Michael S.$01386587 701 $aWarner$b Elizabeth$01386588 712 02$aNational Center for Education Evaluation and Regional Assistance (U.S.), 801 0$bGPO 801 1$bGPO 906 $aBOOK 912 $a9910706582003321 996 $aMiddle school mathematics professional development impact study$93435597 997 $aUNINA